Le code de la morale ou l'art de vivre

Salvato in:
Dettagli Bibliografici
Natura: Sconosciuto
Lingua:francese
Pubblicazione: Bruxelles Librairie universelle de Rozez 1880
Catalogo:MANES:  Risultati della ricerca del catalogo della biblioteca
Libro di testo Classificazione:
Soggetti:
Tags: Aggiungi Tag
Nessun Tag, puoi essere il primo ad aggiungerne!!
Aggiunto a:2016-04-26

MARC

LEADER 000000000a22000000004500
001 24003
008 160427s be ||||| |||| 00| 0 fre d
040 |a manes  |c manes 
041 |a Francés 
245 0 0 |a Le code de la morale ou l'art de vivre 
260 3 |a Bruxelles  |b Librairie universelle de Rozez  |c 1880 
300 |a 181 p. 
546 |a Bélgica 
650 7 |a Religión y Moral 
655 7 |a Secundaria 
942 |2 ddc  |c BK 
999 |c 46331  |d 46331 
999 |c manes:46331  |d 46331